3 Chansons, 1 artiste - Statistiques

Statistiques générales
  • Ce quiz a été pris 183 fois
  • Le résultat moyen est 12 sur 20
Statistiques - réponses
Réponse % Correct
Lady Gaga
96%
Louane
90%
Indochine
88%
Shakira
88%
Daft Punk
78%
Queen
72%
Johnny Hallyday
67%
Eminem
66%
Nirvana
64%
Madonna
60%
Imagine Dragons
59%
Michael Jackson
55%
Rita Mitsouko
48%
Michel Polnareff
47%
Bourvil
44%
France Gall
44%
Julien Clerc
44%
Rammstein
35%
Jacques Brel
31%
Depeche Mode
30%
Aucun quiz correspondant
Distribution des résultats
% des personnes avec chaque résultat
Percentile par nombre de réponses
Votre historique - résultats
Vous n’avez pas pris ce quiz